Khardaar Khoonta (Record no. 5441)
[ view plain ]
| 000 -LEADER | |
|---|---|
| fixed length control field | 00585nam a2200241 a 4500 |
| 020 ## - INTERNATIONAL STANDARD BOOK NUMBER | |
| ISBN | |
| 082 00 - DEWEY DECIMAL CLASSIFICATION NUMBER | |
| Classification number | 297.831 |
| Author Cutter | MAH3 |
| 100 ## - MAIN ENTRY--AUTHOR NAME | |
| Author name | Mahdavi, Abul Hashim |
| 245 ## - TITLE STATEMENT | |
| Title | Khardaar Khoonta |
| 260 ## - PUBLICATION, DISTRIBUTION, ETC. (IMPRINT) | |
| Place of publication | Delhi |
| Name of publisher | Deni Book Depot |
| Year of publication | 1955 |
| 300 ## - PHYSICAL DESCRIPTION | |
| Number of Pages | 28p |
| 500 ## - GENERAL NOTE | |
| General note | includes index and biblioraphy |
| 505 2# - FORMATTED CONTENTS NOTE | |
| Formatted contents note | three parts of first volume |
| 650 ## - SUBJECT ADDED ENTRY--TOPICAL TERM | |
| Topical Term | Mahdavia |
| 942 ## - ADDED ENTRY ELEMENTS (KOHA) | |
| Koha item type | Books |
| 700 1# - | |
| -- | Mahdavi, Abul Hashim |
| Collection code | Home library | Current library | Date acquired | Cost, normal purchase price | Full call number | Accession Number | Koha item type |
|---|---|---|---|---|---|---|---|
| Henry Martyn Institute Library | Henry Martyn Institute Library | 06/29/2007 | 100.00 | 297.831 MAH3 | 06064 | Books |
